000
00273nam a22001337a 4500
020
_a
1-8442-2668-9
082
_a
823
_b
POW/M
100
_a
POWELL JILLIAN
245
_a
MUMMIES
260
_a
UK
_b
LADY BIRD
300
_a
29
650
_a
ENGLISH SHORT STORY
_z
UK
942
_c
BK
999
_c
2117
_d
2117